| 000 | 00867nam a2200277 a 4500 | ||
|---|---|---|---|
| 001 | 73543 | ||
| 003 | BD-RJUL | ||
| 005 | 20211209082417.0 | ||
| 008 | 170603s1977 enkaf b 000 0 eng d | ||
| 020 | _a0713122048 | ||
| 020 | _a0713122056 (pbk.) | ||
| 035 | _a(BD-RJUL) 73761 | ||
| 040 |
_aBD-RjUL _beng _cBD-RjUL _dBD-RjUL |
||
| 041 | _aeng | ||
| 082 |
_223 _a631.52 _bLAP 1977 |
||
| 100 | 1 |
_aLawrence, William John Cooper _9217608 |
|
| 245 | 1 | 0 |
_aPlant Breeding / _cby William J. C. Lawrence |
| 260 |
_aLondon : _bEdward Arnold, _c1968 [Reprinted 1977]. |
||
| 300 |
_a56 p. : _bill. ; _c22 cm |
||
| 490 |
_aInstitute of Biology's studies in biology ; _vno. 12 |
||
| 504 | _aBibliography: p. [57]-[58] | ||
| 650 | 0 |
_aPlant breeding _9217609 |
|
| 830 | 0 |
_aInstitute of Biology's studies in biology ; _vno. 12 _9217611 |
|
| 942 |
_2ddc _cBK |
||
| 999 |
_c73543 _d73543 |
||